R (on the application of Newsum and others) v Welsh Assembly Government (No 2) (Record no. 75200)

MARC details
000 -LEADER
fixed length control field 02044cab a2200217 4500
001 - CONTROL NUMBER
control field L129665
008 - FIXED-LENGTH DATA ELEMENTS--GENERAL INFORMATION
fixed length control field 050509n2005 000 0 eng u
035 ## - SYSTEM CONTROL NUMBER
System control number (Sirsi) u129665
041 ## - LANGUAGE CODE
Language code of text/sound track or separate title eng
245 ## - TITLE STATEMENT
Title R (on the application of Newsum and others) v Welsh Assembly Government (No 2)
260 ## - PUBLICATION, DISTRIBUTION, ETC.
Date of publication, distribution, etc. 2005
490 ## - SERIES STATEMENT
Series statement Estates Gazette
Volume/sequential designation [2005] 16 EG 144 (CS)
520 ## - SUMMARY, ETC.
Summary, etc. [2005] EWHC 538 (Admin), 11 April 2005. Considers the case for including land on the Special Areas of Conservation (SAC) list pursuant to Council Directive 92/43/EEC, as implemented by the Conservation (Natural Habitats etc) Regulations 1994. Claimants (N) sought to quash the decision to include their land on the SAC list, land chosen in part because of the presence of calaminarian grassland and a population of great crested newts. N contended that the revised list of candidate SACs had been produced too hastily at the expense of scientific justification and that N's lawful use certificate for quarrying the land inhabited by the newts should have excluded the land from the proposed SAC list, a list that had already been adopted by the European Commission. "Held": permission granted but claim dismissed. Permission was granted for the judicial review claim to proceed were N to challenge the Commission's decision to adopt the SAC list. W's decision to include N's land in the list had a proper scientific basis and was not quota-driven. As to the quarry, it was not possible to exclude an otherwise appropriate site on the basis that the relevant habitats or species were liable to be affected by the implementation of existing consents.
590 ## - LOCAL NOTE (RLIN)
Local note IKA190505
650 ## - SUBJECT ADDED ENTRY--TOPICAL TERM
Topical term or geographic name entry element R V WELSH ASSEMBLY GOVERNMENT
650 ## - SUBJECT ADDED ENTRY--TOPICAL TERM
Topical term or geographic name entry element DIRECTIVE 92/43/EEC
650 ## - SUBJECT ADDED ENTRY--TOPICAL TERM
Topical term or geographic name entry element CONSERVATION (NATURAL HABITATS, ETC) REGULATIONS 1994
690 ## - LOCAL SUBJECT ADDED ENTRY--TOPICAL TERM (OCLC, RLIN)
Topical term or geographic name as entry element ENVIRONMENTAL AND LAND CONSULTANCY-ENVIRONMENTAL MANAGEMENT-ENVIRONMENTAL CONSERVATION
856 ## - ELECTRONIC LOCATION AND ACCESS
Uniform Resource Identifier <a href="https://www.bailii.org/ew/cases/EWHC/Admin/2005/538.html ">https://www.bailii.org/ew/cases/EWHC/Admin/2005/538.html </a>
Public note View the decision free of charge at www.bailii.org...
942 ## - ADDED ENTRY ELEMENTS (KOHA)
Suppress in OPAC 0
Holdings
Withdrawn status Lost status Source of classification or shelving scheme Damaged status Not for loan Home library Current library Shelving location Date acquired Total Checkouts Full call number Barcode Date last seen Copy number Price effective from Koha item type
    Dewey Decimal Classification     London London Journal article 09/05/2005   L129665 129665-1001 06/08/2019 1 06/08/2019 Law report